Critica: ad usum trivatum

Sábháilte in:
Sonraí bibleagrafaíochta
Príomhchruthaitheoir: Bonnet, C (Údar)
Formáid: LEABHAR
Teanga:Laidin
Foilsithe / Cruthaithe: Bruselas J. de Meester et Fils 1924
Ábhair:
Clibeanna: Cuir clib leis
Níl clibeanna ann, Bí ar an gcéad duine le clib a chur leis an taifead seo!

MARC

LEADER 00000nam a2200000 a 4500
001 UCZ4636
003 CL-VaPUC
008 951110e19240000BE |||||||||||||||||lat|d
082 0 4 |a 121  |b BON  |2 21 
100 0 |a Bonnet, C  |e author  |9 348649 
245 1 0 |a Critica: ad usum trivatum 
300 |a 270 p 
942 |c BK 
945 |d 19951110 00:00:00  |a cmena 
260 |a Bruselas  |b J. de Meester et Fils  |c 1924 
650 0 |a Teoría del conocimiento   |9 255038 
650 0 |a Epistemología   |9 264994 
650 0 |a Verdad  |9 313815 
650 0 |a Conciencia  |9 309452 
650 0 |a Inteligencia  |9 267038 
650 0 |a Razón   |9 314475 
650 0 |a Memoria  |9 266549 
650 0 |a Lógica  |9 256849 
583 |a last modification  |c 20130320 11:59:00  |k Rodrigo Vera 
999 |c 241004  |d 241002 
952 |0 0  |1 0  |4 0  |6 121_000000000000000_BON_1924  |7 0  |8 P  |9 253141  |a BIBEDU  |b BIBEDU  |c BIBEDU_PB  |d 2019-11-19  |i 1596713  |o 121 BON 1924  |p 1596713  |r 2024-01-25  |w 2019-11-19  |y BK  |k FIL